| 000 | 00541nam a22001817a 4500 | ||
|---|---|---|---|
| 003 | OSt | ||
| 005 | 20180116183107.0 | ||
| 008 | 170829b xxu||||| |||| 00| 0 eng d | ||
| 020 | _a0 | ||
| 040 | _c0 | ||
| 082 | _a510 SAD 1998 | ||
| 100 | _aProf. Ch. Muhammad Saddiq | ||
| 245 |
_aModern Pass Book of Mathematics _b(Objective Type) Class 11th & 12th _cProf. Ch. Muhammad Saddiq |
||
| 260 |
_aLahore Pakistan _bPakistan Book Centre |
||
| 300 |
_a69p. _bpb |
||
| 440 | _aModern Pass Book of Mathematics | ||
| 942 |
_2ddc _cBK _k510 SAD 1998 |
||
| 999 |
_c352080 _d352080 |
||